| 000 | 00595nam a22001817a 4500 | ||
|---|---|---|---|
| 005 | 20251108171232.0 | ||
| 008 | 250721s9999 xx 000 0 ara d | ||
| 082 | 1 | 4 | _aم/414.2/جرج |
| 100 | 1 | _aالجرجاني، أبي بكر عبد القاهر... | |
| 245 | 1 | 0 | _aأسرار البلاغة في علم البيان / |
| 264 |
_bدار المطبوعات العربية للطباعة والنشر والتوزيع، _c[19-]. |
||
| 300 | _a372ص | ||
| 650 | 1 | 7 | _aاللغة العربية |
| 650 | 1 | 7 | _aالبلاغة |
| 650 | 1 | 7 | _aالبيان |
| 942 |
_2ddc _cREF |
||
| 999 |
_c60064 _d60064 |
||